Sports Quiz

Random Sports or MLB Quiz

MLB All-Star Second Basemen (NL) Quiz Stats

Quiz Updated Jul 15, 2016

Also try: MLB All-Star Hosts
Challenge
Share
Tweet
Embed
Score 0/88 Timer 10:00
5 Plays Today
Year Name % Correct
2006Chase Utley
92%
2007Chase Utley
92%
2009Chase Utley
92%
2008Chase Utley
92%
2014Chase Utley
91.7%
1995Craig Biggio
89.7%
1996Craig Biggio
89.7%
1997Craig Biggio
89.7%
1998Craig Biggio
89.7%
1984Ryne Sandberg
87.3%
1986Ryne Sandberg
87.3%
1987Ryne Sandberg
87.3%
1988Ryne Sandberg
87.3%
1989Ryne Sandberg
87.3%
1990Ryne Sandberg
87.3%
1991Ryne Sandberg
87.3%
1992Ryne Sandberg
87.3%
1993Ryne Sandberg
87.3%
1972Joe Morgan
81.5%
1973Joe Morgan
81.5%
1974Joe Morgan
81.5%
1975Joe Morgan
81.5%
1976Joe Morgan
81.5%
1977Joe Morgan
81.5%
1978Joe Morgan
81.5%
2000Jeff Kent
79.2%
2001Jeff Kent
79.2%
2004Jeff Kent
79.2%
2005Jeff Kent
79.2%
2013Brandon Phillips
73.2%
Year Name % Correct
2012Dan Uggla
68.1%
1949Jackie Robinson
63.9%
1951Jackie Robinson
63.9%
1952Jackie Robinson
63.9%
1950Jackie Robinson
63.9%
2017Daniel Murphy
62.6%
2011Rickie Weeks
58.2%
2016Ben Zobrist
55.8%
2002Jose Vidro
48.4%
2003Jose Vidro
48.4%
1958Bill Mazeroski
45.4%
1960 (1)Bill Mazeroski
45.4%
1960 (2)Bill Mazeroski
45.4%
1962 (1)Bill Mazeroski
45.4%
1962 (2)Bill Mazeroski
45.4%
1967Bill Mazeroski
45.4%
1983Steve Sax
43.7%
1979Davey Lopes
39.1%
1980Davey Lopes
39.1%
1981Davey Lopes
39.1%
1965Pete Rose
38.4%
1985Tom Herr
33.1%
2015DJ LeMahieu
30.8%
1999Jay Bell
25.9%
2010Martin Prado
23.7%
1982Manny Trillo
23%
1933Frankie Frisch
20.9%
1934Frankie Frisch
20.9%
1946Red Schoendienst
18.6%
1948Red Schoendienst
18.6%
Year Name % Correct
1953Red Schoendienst
18.6%
1955Red Schoendienst
18.6%
1970Glenn Beckert
16%
1971Glenn Beckert
16%
1994Mariano Duncan
14.1%
1935Billy Herman
11.9%
1937Billy Herman
11.9%
1938Billy Herman
11.9%
1936Billy Herman
11.9%
1940Billy Herman
11.9%
1943Billy Herman
11.9%
1968Tommy Helms
11%
1963Julian Javier
10.4%
1964Ron Hunt
10%
1969Felix Millan
9.8%
1956Johnny Temple
8.4%
1957Johnny Temple
8.4%
1959 (1)Johnny Temple
8.4%
1959 (2)Johnny Temple
8.4%
1954Granny Hamner
6.5%
1966Jim Lefebvre
6.4%
1942Jimmy Brown
6.3%
1961 (1)Frank Bolling
4.7%
1961 (2)Frank Bolling
4.7%
1939Lonny Frey
3.4%
1941Lonny Frey
3.4%
1944Connie Ryan
2.6%
1947Emil Verban
2.3%

You're not logged in!

Compare scores with friends on all Sporcle quizzes.
Sign Up with Email
OR
Log In

You Might Also Like...

Show Comments

Extras

Top Quizzes Today


Score Distribution

Your Account Isn't Verified!

In order to create a playlist on Sporcle, you need to verify the email address you used during registration. Go to your Sporcle Settings to finish the process.